|
|
|
|
| LEADER |
00000cam a2200000 7i4500 |
| 001 |
0000006818 |
| 005 |
20151222.0 |
| 008 |
070821 |
| 020 |
|
|
|a 9838805882
|
| 020 |
|
|
|a 9838805904(set)
|
| 090 |
0 |
0 |
|a JF
|b NS MAL (6451)
|
| 100 |
0 |
|
|a Ws.Uzala
|
| 245 |
1 |
0 |
|a Umpama iblis pergi ke surau :
|b Penjahat yang berpura-pura alim
|c Oleh Ws.Uzala
|
| 260 |
|
|
|a Selangor :
|b Eddiplex Sdn Bhd ,
|c 2004
|
| 440 |
|
|
|a Siri terbaru kata peribahasa
|
| 500 |
|
|
|a Children ages 7-9 years old (orange)
|
| 650 |
|
0 |
|a Rhymes
|x Juvenile literature
|
| 999 |
|
|
|a 0000911336
|b Book
|c Teenagers
|e Cawangan Bandar Tenggara
|
| 999 |
|
|
|a 0000987182
|b Book
|c Children Collection
|e Perbadanan Perpustakaan Awam Johor
|
| 999 |
|
|
|a 0000987183
|b Book
|c Children Collection
|e Perbadanan Perpustakaan Awam Johor
|
| 999 |
|
|
|a 0000987185
|b Book
|c Children Collection
|e Cawangan Sri Merlong
|
| 999 |
|
|
|a 0000987186
|b Book
|c Children Collection
|e Cawangan Bandar Tenggara
|
| 999 |
|
|
|a 0001052698
|b Book
|c Children Collection
|e Cawangan Kota Tinggi
|
| 999 |
|
|
|a 0001052699
|b Book
|c Teenagers
|e Cawangan Bandar Tenggara
|